000 00751nam a2200241 a 4500
999 _c12551
_d12551
001 12551
003 BD-JhCC
005 20220905090000.0
008 220904b2019 bg a|||| |||a 000 0 ben d
020 _a9789849366041
035 _a(BD-JhCC)12551
040 _aBD-JhCC
_dBD-JhCC
041 _aBengali
082 _a920
_bRAS 2019
100 _aরশীদ, রফিকুল
245 _aকিশোর গল্পে বঙ্গবন্ধু ও শেখ রাসেল /
_cরফিকুল রশীদ।
260 _aঢাকা :
_bঅন্যধারা প্রকাশ ;
_c২০১৯.
300 _a120 p. :
_bill;
_c22 cm.
650 _aBiography
650 _aSheikh Rasel
942 _2ddc
_cBK